Exclusión-inclusión social en la ciudad de Granada: estudios y propuestas del observatorio sobre exclusión social y políticas de inclusión 2003-2004: síntesis

Պահպանված է:
Մատենագիտական մանրամասներ
Հիմնական հեղինակ: Raya Lozano, Enrique (Հեղինակ)
Ձևաչափ: Գիրք
Լեզու:իսպաներեն
Հրապարակվել է: Granada Maristán 2004
Խորագրեր:
Ցուցիչներ: Ավելացրեք ցուցիչ
Չկան պիտակներ, Եղեք առաջինը, ով նշում է այս գրառումը!

MARC

LEADER 00000nam a2200000 a 4500
001 UCG1936
003 CL-VaPUC
008 100531e20040000SP |||||||||||||||||spa|d
020 |a 8493204552 
082 0 4 |a 303.484  |b RAY  |2 21 
100 0 |a Raya Lozano, Enrique  |e author  |9 550058 
245 1 0 |a Exclusión-inclusión social en la ciudad de Granada: estudios y propuestas del observatorio sobre exclusión social y políticas de inclusión 2003-2004: síntesis 
300 |a 303 p 
942 |c BK 
945 |d 20100531 00:00:00  |a rbrito 
260 |a Granada  |b Maristán  |c 2004 
650 0 |a Exclusión social   |9 439636 
650 0 |a Políticas sociales  |9 358116 
650 0 |a Política  |9 255312 
650 0 |a Trabajadores  |9 260887 
650 7 |a FRACASO ESCOLAR  |2 CL-VaPUC  |9 308828 
583 |a last modification  |c 20100531 00:00:00  |k Rodrigo Vera 
999 |c 341184  |d 341182 
952 |0 0  |1 0  |4 0  |6 303_484000000000000_RAY_2004  |7 0  |8 A  |9 436515  |a BIBGIM  |b BIBGIM  |d 2019-11-22  |i 4679628  |o 303.484 RAY 2004  |p 4679628  |r 2025-01-15  |w 2019-11-22  |y BK  |k SSL